ARRUPE JESUIT UNIVERSITY

CORONAVIRUS -STOP THE SPREAD - CLEAN,DISINFECT,COVER

Children's work and labour in East Africa : (Record no. 123141)

MARC details
000 -LEADER
fixed length control field 00932nam a22002535i 4500
001 - CONTROL NUMBER
control field 18717018
003 - CONTROL NUMBER IDENTIFIER
control field ARRUPE
005 - DATE AND TIME OF LATEST TRANSACTION
control field 20150907145328.0
008 - FIXED-LENGTH DATA ELEMENTS--GENERAL INFORMATION
fixed length control field 150727s2015 et a b 000 0 eng
010 ## - LIBRARY OF CONGRESS CONTROL NUMBER
LC control number 2014321606
020 ## - INTERNATIONAL STANDARD BOOK NUMBER
International Standard Book Number 9789994455812
040 ## - CATALOGING SOURCE
Original cataloging agency DLC
Language of cataloging eng
Transcribing agency DLC
Description conventions rda
042 ## - AUTHENTICATION CODE
Authentication code lcode
-- pcc
300 ## - PHYSICAL DESCRIPTION
Other physical details illustrations ;
Dimensions 24 cm
100 ## - MAIN ENTRY--PERSONAL NAME
Personal name Pankhurst, Alula, Bourdillon Michael, Crivello, Gina
Relator term eds
9 (RLIN) 19401
245 00 - TITLE STATEMENT
Title Children's work and labour in East Africa :
Remainder of title social context and implications for policy /
Statement of responsibility, etc edited by Alula Pankhurst, Michael Bourdillon, Gina Crivello.
260 ## - PUBLICATION, DISTRIBUTION, ETC. (IMPRINT)
Place of publication, distribution, etc Ethiopia
Name of publisher, distributor, etc OSSREA
Date of publication, distribution, etc 2015
300 ## - PHYSICAL DESCRIPTION
Extent x, 180 pages :
504 ## - BIBLIOGRAPHY, ETC. NOTE
Bibliography, etc Includes bibliographical references.
650 ## - SUBJECT ADDED ENTRY--TOPICAL TERM
Topical term or geographic name as entry element Child labor
Geographic subdivision Africa, East
9 (RLIN) 18941
650 ## - SUBJECT ADDED ENTRY--TOPICAL TERM
Topical term or geographic name as entry element Children
General subdivision social conditions
Geographic subdivision Africa, East
9 (RLIN) 18942
906 ## - LOCAL DATA ELEMENT F, LDF (RLIN)
a 0
b ibc
c origode
d 3
e ncip
f 20
g y-gencatlg
942 ## - ADDED ENTRY ELEMENTS (KOHA)
Source of classification or shelving scheme Library of Congress Classification
Koha item type Monograph ( Printed materials)
Holdings
Withdrawn status Lost status Source of classification or shelving scheme Damaged status Not for loan Collection code Home library Current library Shelving location Date acquired Total Checkouts Full call number Barcode Date last seen Price effective from Koha item type
    Library of Congress Classification     Main Collection ARRUPE LIBRARY ARRUPE LIBRARY Main Collection 27/08/2015   HD6250.A25 C536 46500004105 08/05/2018 27/08/2015 Monograph ( Printed materials)

 

Arrupe Library. PO Box MP320 Mt Pleasant, Harare, Zimbabwe
263 242 745411|librarian@aju.ac.zw